Kierowcy F1 według miejsca ich narodzin - Statystyki

Ogólne statystyki
  • Ten quiz został rozwiązany 12 razy
  • Średni wynik to 7 z 10
Statystyki odpowiedzi
Miasto Kierowca % Poprawnych
Bolonia Andrea Kimi Antonelli
100%
Monako Charles Leclerc
100%
Oviedo Fernando Alonso
100%
Montreal Lance Stroll
100%
Bristol Lando Norris
100%
Hasselt Max Verstappen
100%
Melbourne Oscar Piastri
86%
Sao Paulo Gabriel Bortoleto
83%
Guadalajara Sergio Pérez
83%
Évreux Esteban Ocon
80%
Pilar, Buenos Aires Franco Colapinto
80%
Emmerich am Rhein Nico Hülkenberg
71%
Madryt Carlos Sainz
67%
Paryż Isack Hadjar
67%
King’s Lynn George Russell
60%
Londyn Alexander Albon
50%
Rouen Pierre Gasly
50%
Hastings Liam Lawson
40%
Chelmsford Oliver Bearman
40%
Nastola Valtteri Bottas
25%
Virginia Water Arvid Lindblad
20%
Stevenage Lewis Hamilton
0%
Nie znaleziono quizów pasujących do podanych kryteriów
Rozkład punktacji
Procent ludzi z każdym wynikiem
Percentyl według liczby udzielonych odpowiedzi
Twoja historia wyników
Nie rozwiązałeś tego quizu